Organizational behavior : (Record no. 562475)

000 -LEADER
fixed length control field 00459nam a2200145Ia 4500
008 - FIXED-LENGTH DATA ELEMENTS--GENERAL INFORMATION
fixed length control field 210430s9999 xx 000 0 und d
020 ## - INTERNATIONAL STANDARD BOOK NUMBER
International Standard Book Number 0072875461 (paperback) | 97800
082 ## - DEWEY DECIMAL CLASSIFICATION NUMBER
Classification number 658.001 N53211 O
100 ## - MAIN ENTRY--PERSONAL NAME
Personal name Newstrom, John.
245 ## - TITLE STATEMENT
Title Organizational behavior :
Statement of responsibility, etc. Newstrom, John.
260 ## - PUBLICATION, DISTRIBUTION, ETC.
Place of publication, distribution, etc. [S.l.] :
Name of publisher, distributor, etc. McGraw-Hill/Irwin,
Date of publication, distribution, etc. 2006
300 ## - PHYSICAL DESCRIPTION
Extent 528 p. ;
856 ## - ELECTRONIC LOCATION AND ACCESS
Uniform Resource Identifier <a href="http://www.amazon.com/exec/obidos/ASIN/0072875461/chopaconline-20">http://www.amazon.com/exec/obidos/ASIN/0072875461/chopaconline-20</a>
942 ## - ADDED ENTRY ELEMENTS (KOHA)
Source of classification or shelving scheme
Holdings
Withdrawn status Lost status Damaged status Not for loan Collection code Permanent Location Current Location Shelving location Date acquired Total Checkouts Total Renewals Full call number Barcode Date last seen Date last checked out Price effective from Koha item type
          School of Chemical & Materials Engineering (SCME) School of Chemical & Materials Engineering (SCME) General Stacks   3 1 658.001 N53211 O SCME-1354 09/10/2024 08/16/2024 04/30/2021 Book
© 2023 Central Library, National University of Sciences and Technology. All Rights Reserved.